Normal view
MARC view
- تاليف صيني، محمد إسماعيل وآخرون، م.مشارك مصطفى عبد العزيز، م.مشارك مختار الطاهر حسين
Entry Personal Name
001 - CONTROL NUMBER
- control field: 24537
003 - CONTROL NUMBER IDENTIFIER
- control field: JO-AjAnu
005 - DATE AND TIME OF LATEST TRANSACTION
- control field: 20230606074214.0
008 - FIXED-LENGTH DATA ELEMENTS
- fixed length control field: 230606|| aca||aabn | a|a d
040 ## - CATALOGING SOURCE
- Original cataloging agency: JO-AjAnu
- Transcribing agency: JO-AjAnu
100 ## - HEADING--PERSONAL NAME
- Personal name: تاليف صيني، محمد إسماعيل وآخرون، م.مشارك مصطفى عبد العزيز، م.مشارك مختار الطاهر حسين
670 ## - SOURCE DATA FOUND
- Source citation: Work cat.: (JO-AjAnu)12620: تاليف صيني، محمد إسماعيل وآخرون، م.مشارك مصطفى عبد العزيز، م.مشارك مختار الطاهر حسين, author, العربية للناشئين: منهج متكامل لغير الناطقين بالعربية: كتاب التلميذ، الجزء الخامس